Periodic Table Map by groups - Statistics

General Stats
  • This quiz has been taken 584 times
  • The average score is 6 of 11
Answers on the Map
Answers color-coded by a green-red scale on the quiz's map according to % correct below.
 
Answer Stats
Answer % Correct
Alkaline-Earth Metals
70%
Alkali Metals
68%
Noble Gases
67%
Actinides
58%
Transition Metals
56%
Halogens
55%
Metalloid
52%
Unclassified
52%
Post-transition Metals
51%
Lanthanides
50%
Other Non-metals
40%
No matching quizzes found
Score Distribution
Percent of People with Each Score
Percentile by Number Answered
Your Score History
You have not taken this quiz